Removiendo Roma con Santiago: la crítica católica moderna al culto jacobeo (Record no. 868329)
[ view plain ]
| 000 -CABECERA | |
|---|---|
| Campo de control de longitud fija | 00590nab a2200157 4500 |
| 003 - IDENTIFICADOR DEL NÚMERO DE CONTROL | |
| Campo de control | ES-SlBCS |
| 005 - FECHA Y HORA DE LA ÚLTIMA TRANSACCIÓN | |
| Campo de control | 20210528133516.0 |
| 008 - CÓDIGOS DE INFORMACIÓN DE LONGITUD FIJA | |
| Campo de control de longitud fija | 170511s2017 sp ||||| |||| 00| 0 spa d |
| 040 ## - FUENTE DE LA CATALOGACIÓN | |
| Centro catalogador del origen | ES-SlBCS |
| Lengua de catalogación | spa |
| 041 ## - CÓDIGO DE LENGUA | |
| Código de lengua del texto/banda sonora o título independiente | spa |
| 100 1# - PUNTO DE ACCESO PRINCIPAL-NOMBRE DE PERSONA | |
| Nombre de persona | Buide del Real, Francisco Javier |
| 9 (RLIN) | 87940 |
| 245 10 - MENCIÓN DE TÍTULO | |
| Título | Removiendo Roma con Santiago: la crítica católica moderna al culto jacobeo |
| Mención de responsabilidad, etc. | Francisco Javier Buide del Real |
| 600 10 - PUNTO DE ACCESO ADICIONAL DE MATERIA-NOMBRE DE PERSONA | |
| Nombre personal | Zambrano, María |
| Fechas asociadas con el nombre | , 1904-1991 |
| Subdivisión general | Crítica e interpretación |
| 9 (RLIN) | 123203 |
| 773 0# - ENLACE AL DOCUMENTO FUENTE | |
| Parte(s) relacionada(s) | Vol. 62, núm. 3-4, 2017, págs. 305-356 |
| Título | Compostellanum |
| Número de control del registro relacionado | Rev130 |
| Número Internacional Normalizado para Publicaciones Seriadas (ISSN) | 0573-2018 |
| 942 ## - ENTRADA DE ELEMENTOS AGREGADOS (KOHA) | |
| Fuente de clasificaión o esquema | |
| Koha [por defecto] tipo de item | Artículos de revista |
| Suprimido | Perdido | Fuente de clasificación o esquema | Estropeado | No para préstamo | Localización permanente | Localización actual | Fecha adquisición | Préstamos totales | Fecha última consulta | Fecha del precio de reemplazo | Tipo de item de Koha |
|---|---|---|---|---|---|---|---|---|---|---|---|
| San Esteban | San Esteban | 28/05/2021 | 28/05/2021 | 28/05/2021 | Artículos de revista |
